| 000 | 00995cam a22003017a 4500 | ||
|---|---|---|---|
| 003 | CHAP | ||
| 005 | 20220329140105.0 | ||
| 008 | 971013s1967 r 00010 d | ||
| 010 | _a46835 | ||
| 011 | _a47807 | ||
| 035 | _a51950 | ||
| 040 | _cCHAP | ||
| 082 |
_a519.92 _bV3 |
||
| 100 | 0 | 0 |
_aVajda, Steven. _9117218 |
| 245 | 1 | 4 |
_aThe mathematics on experimental design _b: incomplete block designs and latin squares |
| 260 |
_aLondon : _bGriffin, _c1967 |
||
| 300 | _a110 p. | ||
| 490 | 0 |
_aGriffin's statistical monographs & Courses _v; 23 |
|
| 590 |
_aBATCH-UPD _b10 _c20130110 _lUCH01 _h1603 |
||
| 590 |
_aBATCH-UPD _b10 _c20130410 _lUCH01 _h1000 |
||
| 590 |
_aBATCH-UPD _b10 _c20130914 _lUCH01 _h1206 |
||
| 590 |
_aCONVERSION _b10 _c20130109 _lUCH01 _h1326 |
||
| 650 | 1 | 4 |
_aDiseƱos experimentales. _932735 |
| 830 | 0 |
_aGriffin's statistical monographs & Courses _v; 23 _950669 |
|
| 901 | _aBK | ||
| 942 | _cLIBRO | ||
| 949 |
_a519.92 V3 _bBC _cLIBRO _d33724000446183 _eLIBRO _h41757 _i51950 _si _t67.00 |
||
| 999 |
_c46835 _d46835 |
||